[Event "Katowice rapid op"]
[Site "Katowice"]
[Date "2025.05.31"]
[Round "11"]
[White "Farkas, Csaba"]
[Black "Wolkowski, Andrzej"]
[Result "1/2-1/2"]
[WhiteElo "1970"]
[BlackElo "1796"]
[PlyCount "101"]
[EventDate "2025.05.31"]
[EventType "swiss"]
[EventRounds "11"]
[EventCountry "POL"]
[SourceTitle "CB24_2025"]
[SourceDate "2025.06.11"]
[SourceVersion "1"]
[SourceVersionDate "2025.06.11"]
[SourceQuality "1"]

1. d4 Nf6 2. c4 e5 3. Bg5 Bb4+ 4. Nd2 exd4 5. a3 Bxd2+ 6. Qxd2 h6 7. Bxf6 Qxf6 8. Nf3 Nc6 9. g3 0-0 10. Bg2 d6 11. 0-0 Re8 12. b4 Qe6 13. Nxd4 Nxd4 14. Qxd4 Qxe2 15. c5 dxc5 16. Qxc5 c6 17. Rad1 Bg4 18. Rd4 Bf3 19. Bxf3 Qxf3 20. b5 cxb5 21. Qxb5 Qxa3 22. Qxb7 a5 23. Rf4 Qe7 24. Qc6 Rec8 25. Qa4 Rc5 26. Re4 Re5 27. Rfe1 Rxe4 28. Rxe4 Qc7 29. Rc4 Qb6 30. Rc6 Qb1+ 31. Kg2 Rd8 32. Ra6 Qb7+ 33. Qc6 Qxc6+ 34. Rxc6 Ra8 35. Rc3 a4 36. Ra3 f5 37. Kf3 Kf7 38. Ke3 Kf6 39. Kd4 g5 40. f3 h5 41. h3 h4 42. g4 fxg4 43. fxg4 Ke6 44. Ke4 Kf6 45. Kd5 Ra5+ 46. Kd6 Ra6+ 47. Kd5 Ra5+ 48. Kd4 Ke6 49. Ke4 Kf6 50. Kd4 Ke6 51. Ke4 1/2-1/2

[Event "Katowice rapid op"]
[Site "Katowice"]
[Date "2025.05.31"]
[Round "8"]
[White "Farkas, Csaba"]
[Black "Zawadzka, Jolanta"]
[Result "0-1"]
[WhiteElo "1970"]
[BlackElo "2264"]
[PlyCount "118"]
[EventDate "2025.05.31"]
[EventType "swiss"]
[EventRounds "11"]
[EventCountry "POL"]
[SourceTitle "CB24_2025"]
[SourceDate "2025.06.11"]
[SourceVersion "1"]
[SourceVersionDate "2025.06.11"]
[SourceQuality "1"]

1. d4 d5 2. c4 e6 3. cxd5 exd5 4. Nc3 c6 5. Nf3 Bd6 6. Bg5 Ne7 7. e3 Bf5 8. Nh4 Bg6 9. Be2 Qc7 10. Rc1 f6 11. Bf4 Bxf4 12. exf4 Qxf4 13. g3 Qd6 14. 0-0 0-0 15. f4 Nf5 16. Nxg6 hxg6 17. Qd3 Re8 18. Bg4 Qb4 19. Bxf5 gxf5 20. Rf2 Na6 21. Rd1 Re7 22. a3 Qc4 23. Qxc4 dxc4 24. d5 Nc5 25. dxc6 Nd3 26. Nd5 Re4 27. cxb7 Rb8 28. Rc2 Rxb7 29. b4 Rd7 30. Nc3 Re6 31. Na4 Rc6 32. b5 Rcc7 33. Nc3 Nc5 34. Rxd7 Rxd7 35. Ne2 Rd1+ 36. Kg2 Ne4 37. a4 Nd6 38. Nc3 Rd3 39. a5 Kf7 40. b6 axb6 41. axb6 Nb7 42. Nb5 Rb3 43. Rxc4 Na5 44. Rc7+ Kg6 45. Nd6 Rxb6 46. Ne8 Rb2+ 47. Kh3 Re2 48. Nxg7 Nb3 49. Rc6 Nd4 50. Rd6 Nf3 51. Nxf5 Kxf5 52. Rd5+ Ke6 53. Rd3 Nxh2 54. f5+ Kxf5 55. g4+ Kg6 56. Rg3 Nf1 57. Rf3 Re3 58. Kg2 Rxf3 59. Kxf3 Nd2+ 0-1

[Event "Katowice rapid op"]
[Site "Katowice"]
[Date "2025.05.31"]
[Round "7"]
[White "Szopa, Emilia"]
[Black "Farkas, Csaba"]
[Result "0-1"]
[WhiteElo "1790"]
[BlackElo "1970"]
[PlyCount "114"]
[EventDate "2025.05.31"]
[EventType "swiss"]
[EventRounds "11"]
[EventCountry "POL"]
[SourceTitle "CB24_2025"]
[SourceDate "2025.06.11"]
[SourceVersion "1"]
[SourceVersionDate "2025.06.11"]
[SourceQuality "1"]

1. e4 Nc6 2. Nf3 g6 3. c3 Bg7 4. d3 Nf6 5. Be2 0-0 6. Nbd2 d5 7. exd5 Nxd5 8. Nf1 e5 9. g3 Re8 10. Ne3 Bh3 11. Ng5 Qxg5 12. Nxd5 Qd8 13. Bf3 Kh8 14. Ne3 f5 15. Bg2 Bxg2 16. Nxg2 Qd5 17. 0-0 Rad8 18. Ne1 Ne7 19. Be3 b6 20. a4 a5 21. Qd2 e4 22. Rd1 Qb3 23. Qc2 Qxc2 24. Nxc2 Rxd3 25. Rxd3 exd3 26. Nd4 Nd5 27. Bc1 Bxd4 28. cxd4 Re4 29. Rd1 Rxd4 30. b3 Kg8 31. Bb2 Rb4 32. Rxd3 c6 33. f3 Kf7 34. Ba3 Ke6 35. Bxb4 Nxb4 36. Rd8 Ke5 37. Kf2 Nd5 38. Rh8 Kd4 39. Rc8 Nb4 40. Rb8 Nd5 41. Rc8 c5 42. Rd8 c4 43. bxc4 Kxc4 44. Ke1 Nc3 45. Rb8 Nxa4 46. Rc8+ Nc5 47. Rc7 b5 48. Rxh7 b4 49. Kd1 a4 50. Rg7 a3 51. Kc1 Kb3 52. Rc7 a2 53. Ra7 Nd3+ 54. Kd2 Ne5 55. f4 Nc4+ 56. Kc1 Na3 57. Kd2 a1Q 0-1

[Event "Mezokovesd Hegedus Memorial 4th"]
[Site "Mezokovesd"]
[Date "2023.12.27"]
[Round "1"]
[White "Farkas, Csaba"]
[Black "Molnar, Laszlo Levente"]
[Result "1-0"]
[WhiteElo "1917"]
[BlackElo "1310"]
[PlyCount "65"]
[EventDate "2023.12.27"]
[EventType "swiss"]
[EventRounds "6"]
[EventCountry "HUN"]
[SourceTitle "CBM 217 Extra"]
[Source "ChessBase"]
[SourceDate "2024.01.31"]
[SourceVersion "1"]
[SourceVersionDate "2024.01.31"]
[SourceQuality "1"]

1. Nf3 d5 2. g3 Nc6 3. d4 Nf6 4. Bg2 Bf5 5. c3 e6 6. Qb3 Na5 7. Qa4+ c6 8. Ne5 b5 9. Qd1 Nc4 10. Nxc6 Qc7 11. Ne5 Nxe5 12. dxe5 Ng4 13. Bf4 Nxe5 14. a4 Bd6 15. axb5 Bxb1 16. Rxb1 Rb8 17. e4 Rxb5 18. exd5 Qc4 19. Bxe5 Bxe5 20. dxe6 Qxe6 21. 0-0 0-0 22. Qa4 Qb6 23. Qc2 Rb8 24. Rfe1 Qf6 25. Re3 Rb3 26. Be4 R3b5 27. c4 Rxb2 28. Rxb2 Bxb2 29. Rf3 Qe5 30. Rxf7 Kh8 31. Rxa7 Bd4 32. Ra8 Rxa8 33. Bxa8 1-0

[Event "Katowice POL-HUN 10th"]
[Site "Katowice"]
[Date "2023.09.09"]
[Round "2"]
[White "Farkas, Csaba"]
[Black "Miranda Llanes, Yerisbel"]
[Result "0-1"]
[WhiteElo "1933"]
[BlackElo "2262"]
[PlyCount "88"]
[EventDate "2023.09.09"]
[EventType "swiss (rapid)"]
[EventRounds "9"]
[EventCountry "POL"]
[SourceTitle "CBM 216 Extra"]
[Source "ChessBase"]
[SourceDate "2023.11.30"]
[SourceVersion "1"]
[SourceVersionDate "2023.11.30"]
[SourceQuality "1"]

1. d4 Nf6 2. c4 e6 3. Nf3 d5 4. cxd5 exd5 5. Nc3 h6 6. Bf4 c6 7. e3 Bf5 8. Bd3 Bxd3 9. Qxd3 Bd6 10. Bxd6 Qxd6 11. Ne5 0-0 12. 0-0 Nbd7 13. Qf5 Nxe5 14. dxe5 Qd7 15. Qxd7 Nxd7 16. f4 Rae8 17. Rfe1 f6 18. exf6 Rxf6 19. Rad1 Rfe6 20. Kf2 Nf6 21. h3 Kf7 22. Kf3 Ne4 23. Nxe4 Rxe4 24. Re2 Rc4 25. Rd4 Rc1 26. e4 Rf1+ 27. Kg3 Kf6 28. e5+ Kf5 29. Rf2 Re1 30. Kf3 Re7 31. g4+ Ke6 32. Rdd2 g5 33. fxg5 hxg5 34. Rde2 Rf7+ 35. Kg3 Rxf2 36. Rxe1 Rxb2 37. h4 gxh4+ 38. Kxh4 Rxa2 39. g5 Rg2 40. Kh5 c5 41. g6 c4 42. Kh6 c3 43. g7 d4 44. Re2 Rxg7 0-1

[Event "HUN-chT2 Barcza 2223"]
[Site "Hungary"]
[Date "2022.11.20"]
[Round "1.10"]
[White "Kantor, Jozsef"]
[Black "Farkas, Csaba"]
[Result "0-1"]
[WhiteElo "1792"]
[BlackElo "1857"]
[PlyCount "46"]
[EventDate "2022.11.20"]
[EventType "team-tourn"]
[EventRounds "7"]
[EventCountry "HUN"]
[SourceTitle "EXT 2025"]
[Source "ChessBase"]
[SourceDate "2024.10.14"]
[SourceVersion "1"]
[SourceVersionDate "2024.10.14"]
[SourceQuality "1"]
[WhiteTeam "Mezokovesd"]
[BlackTeam "Szirmabesenyo"]
[WhiteTeamCountry "HUN"]
[BlackTeamCountry "HUN"]

1. c4 Nf6 2. Nc3 d6 3. g3 g6 4. Bg2 Bg7 5. Nf3 0-0 6. d3 Nbd7 7. 0-0 e5 8. Be3 Ng4 9. Bd2 f5 10. Bg5 Ngf6 11. Rc1 h6 12. Bxf6 Nxf6 13. e3 g5 14. h4 g4 15. Nd2 f4 16. Re1 fxg3 17. fxg3 c6 18. Nce4 d5 19. Nxf6+ Rxf6 20. Re2 Rd6 21. c5 Rf6 22. e4 d4 23. Nc4 Qc7 0-1

[Event "HUN-chT BAZ megyei CSB 2122"]
[Site "Hungary"]
[Date "2022.03.06"]
[Round "8.2"]
[White "Farkas, Csaba"]
[Black "Vodila, Martin Botond"]
[Result "0-1"]
[WhiteElo "1834"]
[BlackElo "2288"]
[PlyCount "62"]
[EventDate "2021.10.17"]
[EventType "team-tourn"]
[EventRounds "9"]
[EventCountry "HUN"]
[SourceTitle "EXT 2025"]
[Source "ChessBase"]
[SourceDate "2024.10.14"]
[SourceVersion "1"]
[SourceVersionDate "2024.10.14"]
[SourceQuality "1"]
[WhiteTeam "Szirmabesenyo II"]
[BlackTeam "Ozdi Sakk SE"]
[WhiteTeamCountry "HUN"]
[BlackTeamCountry "HUN"]

1. d4 Nf6 2. c4 g6 3. g3 Bg7 4. Nc3 0-0 5. Bg2 d6 6. e4 e5 7. dxe5 dxe5 8. Qxd8 Rxd8 9. Nf3 Ne8 10. 0-0 Nc6 11. Be3 Nd4 12. Rac1 Bg4 13. Nd2 c6 14. f4 Nc7 15. fxe5 Bxe5 16. Nf3 Bxf3 17. Bxf3 Nxf3+ 18. Rxf3 Rd3 19. Nd1 Ne6 20. Nf2 Rd7 21. b3 Re8 22. Kg2 Bg7 23. Rc2 c5 24. Rd2 Nd4 25. Bxd4 Bxd4 26. Re2 f5 27. Rd3 Rde7 28. Kf3 Kf7 29. Rd1 Kf6 30. Rde1 Bxf2 31. e5+ Rxe5 0-1

[Event "HUN-chT2 Barcza 2122"]
[Site "Hungary"]
[Date "2022.02.13"]
[Round "6.8"]
[White "Lengyel, Laszlo"]
[Black "Farkas, Csaba"]
[Result "0-1"]
[WhiteElo "1856"]
[BlackElo "1825"]
[PlyCount "86"]
[EventDate "2021.10.10"]
[EventType "team-tourn"]
[EventRounds "9"]
[EventCountry "HUN"]
[SourceTitle "EXT 2025"]
[Source "ChessBase"]
[SourceDate "2024.10.14"]
[SourceVersion "1"]
[SourceVersionDate "2024.10.14"]
[SourceQuality "1"]
[WhiteTeam "Mezokovesd"]
[BlackTeam "Szirmabesenyo"]
[WhiteTeamCountry "HUN"]
[BlackTeamCountry "HUN"]

1. e4 d5 2. exd5 Qxd5 3. Nc3 Qa5 4. d4 c6 5. Bd3 Bf5 6. Nf3 Nf6 7. Ne5 Bxd3 8. Qxd3 e6 9. Bf4 Nd5 10. Bg3 Bb4 11. 0-0 0-0 12. Ne4 Be7 13. c4 Nf6 14. Nxf6+ Bxf6 15. Ng4 Qg5 16. Nxf6+ Qxf6 17. Bd6 Rd8 18. c5 Na6 19. Rae1 Rd7 20. Re3 Nb4 21. Qd2 Nd5 22. Rg3 Ne7 23. Re1 Nf5 24. Be5 Qh4 25. Rh3 Qg4 26. f3 Qg6 27. Re4 f6 28. Rg4 Qf7 29. Bd6 Rad8 30. Qf2 Nxd6 31. cxd6 Rxd6 32. Rgh4 h6 33. Rg3 Kf8 34. Rhg4 g5 35. Re4 f5 36. Re2 Rxd4 37. h4 Rxh4 38. Qc5+ Qe7 39. Qe5 Kf7 40. f4 Rxf4 41. Rge3 Rd1+ 42. Kh2 Rh4+ 43. Kg3 Qd6 0-1

[Event "HUN-chT2 Barcza 2122"]
[Site "Hungary"]
[Date "2022.01.30"]
[Round "5.9"]
[White "Nemeth, Mark"]
[Black "Farkas, Csaba"]
[Result "0-1"]
[WhiteElo "1520"]
[BlackElo "1814"]
[PlyCount "82"]
[EventDate "2021.10.10"]
[EventType "team-tourn"]
[EventRounds "9"]
[EventCountry "HUN"]
[SourceTitle "EXT 2025"]
[Source "ChessBase"]
[SourceDate "2024.10.14"]
[SourceVersion "1"]
[SourceVersionDate "2024.10.14"]
[SourceQuality "1"]
[WhiteTeam "Debrecen Sakkiskola II"]
[BlackTeam "Szirmabesenyo"]
[WhiteTeamCountry "HUN"]
[BlackTeamCountry "HUN"]

1. e4 d5 2. exd5 Qxd5 3. Nc3 Qa5 4. d4 c6 5. Nf3 Bf5 6. Bd3 Bxd3 7. Qxd3 Nf6 8. 0-0 e6 9. Bf4 Be7 10. Ne4 Nxe4 11. Qxe4 0-0 12. c4 Qb4 13. b3 Nd7 14. Rfd1 Rfe8 15. Bd2 Qb6 16. c5 Qd8 17. Bf4 Nf6 18. Qe5 Nd5 19. Rac1 Bf6 20. Qe4 Qa5 21. Qc2 Nxf4 22. a4 Rad8 23. g3 Nd5 24. Qc4 Rd7 25. Nd2 Red8 26. Ne4 Be7 27. Rc2 Qa6 28. Qxa6 bxa6 29. Rc4 Rb8 30. Rb1 f5 31. Nd2 Bf6 32. Nf3 Rdb7 33. Nd2 Rb4 34. Rxb4 Nxb4 35. Nf3 Nc2 36. Ne5 Bxe5 37. dxe5 Rd8 38. Rc1 Nb4 39. Kf1 Rd3 40. Ke2 Rxb3 41. Rd1 Nd5 0-1

[Event "HUN-chT2 Barcza 2122"]
[Site "Hungary"]
[Date "2021.10.10"]
[Round "1.9"]
[White "Farkas, Csaba"]
[Black "Muller, Wilhelm"]
[Result "1-0"]
[WhiteElo "1817"]
[BlackElo "1873"]
[PlyCount "69"]
[EventDate "2021.10.10"]
[EventType "team-tourn"]
[EventRounds "9"]
[EventCountry "HUN"]
[SourceTitle "EXT 2025"]
[Source "ChessBase"]
[SourceDate "2024.10.14"]
[SourceVersion "1"]
[SourceVersionDate "2024.10.14"]
[SourceQuality "1"]
[WhiteTeam "Szirmabesenyo"]
[BlackTeam "Nyiregyvaza ESE"]
[WhiteTeamCountry "HUN"]
[BlackTeamCountry "HUN"]

1. d4 d6 2. c4 g6 3. Nc3 Bg7 4. e4 Nd7 5. f4 e5 6. fxe5 dxe5 7. d5 Ne7 8. Bd3 Nc5 9. Bc2 a5 10. Be3 Na6 11. Nf3 0-0 12. Qd2 f5 13. Bh6 Qd6 14. a3 f4 15. Bxg7 Kxg7 16. Nb5 Qf6 17. Qxa5 Bg4 18. Nxc7 Nxc7 19. Qxc7 Bxf3 20. gxf3 Qh4+ 21. Ke2 Rac8 22. Qxe5+ Kh6 23. Bd3 Nf5 24. Rag1 Ne3 25. Qd4 Qe7 26. e5 Qc7 27. h4 Nxc4 28. Bxc4 Qxc4+ 29. Qxc4 Rxc4 30. Rc1 Rd4 31. Rhd1 Rxd1 32. Rxd1 Rf5 33. e6 Re5+ 34. Kf2 Kg7 35. d6 1-0

[Event "HUN-chT2 Barcza 1718"]
[Site "Hungary"]
[Date "2018.03.25"]
[Round "10.11"]
[White "Farkas, Csaba"]
[Black "Szuhanszki, Gergely"]
[Result "1/2-1/2"]
[WhiteElo "1667"]
[BlackElo "1713"]
[PlyCount "87"]
[EventDate "2017.09.24"]
[EventType "team-tourn"]
[EventRounds "11"]
[EventCountry "HUN"]
[SourceTitle "EXT 2021"]
[Source "ChessBase"]
[SourceDate "2020.10.23"]
[SourceVersion "1"]
[SourceVersionDate "2020.10.23"]
[SourceQuality "1"]
[WhiteTeam "Szirmabesenyo"]
[BlackTeam "Nyiregyhaza SISE"]
[WhiteTeamCountry "HUN"]
[BlackTeamCountry "HUN"]

1. d4 Nf6 2. c4 g6 3. Nc3 d5 4. cxd5 Nxd5 5. g3 Bg7 6. Bg2 Nxc3 7. bxc3 c5 8. e3 Nc6 9. Ne2 0-0 10. 0-0 Qc7 11. Ba3 cxd4 12. cxd4 Bg4 13. Rc1 Qa5 14. Bxc6 bxc6 15. Bxe7 Rfc8 16. Bc5 Qxa2 17. Qc2 Qxc2 18. Rxc2 Bf3 19. Ra1 a5 20. Bb4 a4 21. Nc3 Rcb8 22. Bc5 Bf8 23. Bxf8 Kxf8 24. Ra3 Rb3 25. Ra1 Rab8 26. Nxa4 Rb1+ 27. Rc1 Rxa1 28. Rxa1 Ra8 29. Ra2 Bd5 30. Ra3 c5 31. Nb6 Rxa3 32. Nxd5 cxd4 33. exd4 Rd3 34. Nf6 h6 35. d5 h5 36. Kf1 Ke7 37. Ke2 Rb3 38. Ne4 Rb2+ 39. Ke3 f5 40. Nd2 Rc2 41. Kd3 Ra2 42. Ke3 Kd6 43. Nf3 Kxd5 44. Nh4 1/2-1/2

[Event "HUN-chT2 Barcza 1718"]
[Site "Hungary"]
[Date "2018.03.04"]
[Round "9.11"]
[White "Galko, Attila"]
[Black "Farkas, Csaba"]
[Result "0-1"]
[WhiteElo "1924"]
[BlackElo "1667"]
[PlyCount "118"]
[EventDate "2017.09.24"]
[EventType "team-tourn"]
[EventRounds "11"]
[EventCountry "HUN"]
[SourceTitle "EXT 2021"]
[Source "ChessBase"]
[SourceDate "2020.10.23"]
[SourceVersion "1"]
[SourceVersionDate "2020.10.23"]
[SourceQuality "1"]
[WhiteTeam "Edeleny"]
[BlackTeam "Szirmabesenyo"]
[WhiteTeamCountry "HUN"]
[BlackTeamCountry "HUN"]

1. e4 d5 2. exd5 Qxd5 3. Nc3 Qa5 4. d4 c6 5. Nf3 Bf5 6. Bd3 Bg6 7. Bxg6 hxg6 8. Bd2 Qc7 9. Ne4 e6 10. Qe2 Be7 11. c4 Nf6 12. Bc3 Nbd7 13. Rc1 Nxe4 14. Qxe4 Nf6 15. Qe2 0-0 16. 0-0 Rfd8 17. Rfe1 Bd6 18. Ne5 Bxe5 19. dxe5 Nd7 20. Bb4 c5 21. Bd2 Nb6 22. Bg5 Rd4 23. b3 Nd7 24. g3 Nb8 25. h4 Nc6 26. Rcd1 Qxe5 27. Qxe5 Nxe5 28. Kg2 Nc6 29. Be3 Rxd1 30. Rxd1 b6 31. Rd6 Rc8 32. Kf3 Kf8 33. Ke4 Ke7 34. Rd2 Rd8 35. Bg5+ f6 36. Rxd8 Nxd8 37. Bd2 Nc6 38. Bc3 Kd6 39. Kf4 Nd4 40. Ke4 e5 41. g4 Ke6 42. Ke3 a5 43. Bb2 Nc2+ 44. Kd2 Nb4 45. a3 Nc6 46. Kc3 f5 47. Bc1 fxg4 48. Bg5 Kf5 49. Kd3 Nd4 50. Kc3 Ne6 51. Be7 Ke4 52. Kd2 Kf3 53. Ke1 Nd4 54. a4 Nxb3 55. Bd8 e4 56. Bxb6 g3 57. fxg3 e3 58. Bc7 e2 59. Bf4 Nd4 0-1

[Event "HUN-chT2 Barcza 1617"]
[Site "Hungary"]
[Date "2017.04.09"]
[Round "11.11"]
[White "Csontos, Dominik"]
[Black "Farkas, Csaba"]
[Result "1/2-1/2"]
[WhiteElo "1666"]
[BlackElo "1622"]
[PlyCount "54"]
[EventDate "2016.09.25"]
[EventType "team-tourn"]
[EventRounds "11"]
[EventCountry "HUN"]
[SourceTitle "EXT 2021"]
[Source "ChessBase"]
[SourceDate "2020.10.23"]
[SourceVersion "1"]
[SourceVersionDate "2020.10.23"]
[SourceQuality "1"]
[WhiteTeam "Mezokovesd"]
[BlackTeam "Sajobabony"]
[WhiteTeamCountry "HUN"]
[BlackTeamCountry "HUN"]

1. e4 d5 2. exd5 Qxd5 3. Nc3 Qa5 4. d4 c6 5. Bf4 Bf5 6. Nf3 e6 7. a3 Nf6 8. Bc4 Be7 9. 0-0 0-0 10. Qe2 Nbd7 11. b4 Qd8 12. Rfe1 Nb6 13. Bd3 Bg6 14. Rad1 Nbd5 15. Nxd5 cxd5 16. Bxg6 hxg6 17. Rc1 a5 18. Qb5 Qd7 19. Qxd7 Nxd7 20. Bd2 axb4 21. Bxb4 Bxb4 22. axb4 b5 23. Ra1 Rfc8 24. Rxa8 Rxa8 25. Kf1 Rc8 26. Rc1 Rc4 27. c3 Nb6 1/2-1/2

[Event "HUN-chT2 Barcza 1617"]
[Site "Hungary"]
[Date "2017.02.26"]
[Round "9.12"]
[White "Farkas, Csaba"]
[Black "Sandor, Lajos"]
[Result "0-1"]
[WhiteElo "1622"]
[BlackElo "1744"]
[PlyCount "90"]
[EventDate "2016.09.25"]
[EventType "team-tourn"]
[EventRounds "11"]
[EventCountry "HUN"]
[SourceTitle "EXT 2021"]
[Source "ChessBase"]
[SourceDate "2020.10.23"]
[SourceVersion "1"]
[SourceVersionDate "2020.10.23"]
[SourceQuality "1"]
[WhiteTeam "Sajobabony"]
[BlackTeam "Tiszavasvar"]
[WhiteTeamCountry "HUN"]
[BlackTeamCountry "HUN"]

1. d4 Nf6 2. Nf3 e6 3. c4 c6 4. Nc3 Be7 5. Bg5 0-0 6. e3 d6 7. Bd3 Nbd7 8. 0-0 b6 9. Re1 Bb7 10. e4 e5 11. d5 c5 12. Qd2 Nh5 13. a3 a5 14. Bxe7 Qxe7 15. b4 h6 16. Na4 Nf4 17. bxc5 Nxc5 18. Nxc5 bxc5 19. Rab1 Bc8 20. Rb6 Bg4 21. Be2 a4 22. Reb1 Rfd8 23. R1b2 Qf6 24. Qe3 Qe7 25. Kh1 f5 26. h3 Bh5 27. exf5 Rf8 28. g4 Be8 29. Ng1 h5 30. f3 hxg4 31. fxg4 Rd8 32. Bd3 Rf6 33. Be4 Rh6 34. Kh2 g6 35. Rb7 Qf6 36. Rc7 gxf5 37. Bxf5 Bg6 38. Be6+ Kh8 39. Rc8 Rxc8 40. Bxc8 Kg7 41. Rb7+ Bf7 42. Ra7 Qd8 43. Bd7 Qb6 44. Rxa4 Qb2+ 45. Ne2 Rxh3+ 0-1